People's Republic of China-Hong Kong Special Administrative Region : Financial Sector Assessment Program-Oversight and Supervision of Financial Market Infrastructures-Technical Note.

This Technical Note on Oversight and Supervision of Financial Market Infrastructures has been prepared in the context of the Financial Sector Assessment Program for the People's Republic of China-Hong Kong Special Administrative Region (HKSAR). Nine financial market infrastructures (FMIs) opera...

Disgrifiad llawn

Manylion Llyfryddiaeth
Awdur Corfforaethol: International Monetary Fund. Monetary and Capital Markets Department
Fformat: Cylchgrawn
Iaith:English
Cyhoeddwyd: Washington, D.C. : International Monetary Fund, 2014.
Cyfres:IMF Staff Country Reports; Country Report ; No. 2014/208
Mynediad Ar-lein:Full text available on IMF
LEADER 02406cas a2200241 a 4500
001 AALejournalIMF014564
008 230101c9999 xx r poo 0 0eng d
020 |c 5.00 USD 
020 |z 9781498300315 
022 |a 1934-7685 
040 |a BD-DhAAL  |c BD-DhAAL 
110 2 |a International Monetary Fund.  |b Monetary and Capital Markets Department. 
245 1 0 |a People's Republic of China-Hong Kong Special Administrative Region :   |b Financial Sector Assessment Program-Oversight and Supervision of Financial Market Infrastructures-Technical Note. 
264 1 |a Washington, D.C. :  |b International Monetary Fund,  |c 2014. 
300 |a 1 online resource (38 pages) 
490 1 |a IMF Staff Country Reports 
500 |a <strong>Off-Campus Access:</strong> No User ID or Password Required 
500 |a <strong>On-Campus Access:</strong> No User ID or Password Required 
506 |a Electronic access restricted to authorized BRAC University faculty, staff and students 
520 3 |a This Technical Note on Oversight and Supervision of Financial Market Infrastructures has been prepared in the context of the Financial Sector Assessment Program for the People's Republic of China-Hong Kong Special Administrative Region (HKSAR). Nine financial market infrastructures (FMIs) operate in HKSAR; the effectiveness of their supervision and oversight is critical in maintaining financial stability. In order to support their objective of consolidating Hong Kong's position as an international financial center, the Hong Kong authorities have fostered the development of sophisticated and multicurrency FMIs. The risks associated with domestic and overseas linkages appear to be adequately managed. Extensive domestic and overseas system linkages have been implemented making HKSAR a regional settlement hub. The legal framework should be amended to explicitly prohibit a domestic clearing house from operating in HKSAR without being recognized as such. The respective legal framework and policy mandate determines the actions of the Hong Kong Monetary Authority and the Securities and Futures Commission as the two regulatory, oversight and supervision authorities for FMIs in HKSAR. 
538 |a Mode of access: Internet 
830 0 |a IMF Staff Country Reports; Country Report ;  |v No. 2014/208 
856 4 0 |z Full text available on IMF  |u http://elibrary.imf.org/view/journals/002/2014/208/002.2014.issue-208-en.xml  |z IMF e-Library